Devinez le Pays Mystère #48 - Statistiques

Statistiques générales
  • Ce quiz a été pris 627 fois
  • Le résultat moyen est 9 sur 13
Statistiques - réponses
Type de Réponse Réponse % Correct
Lettre Trouvée E
99%
Lettre Trouvée N
95%
Lettre Trouvée R
95%
Lettre Bien Placée N
92%
Lettre Bien Placée R
91%
Lettre Trouvée I
87%
Lettre Trouvée U
74%
Lettre Trouvée B
58%
Lettre Bien Placée B
53%
Lettre Bien Placée E
53%
Lettre Bien Placée I
50%
Lettre Bien Placée U
50%
Pays Mystère Brunei
49%
Aucun quiz correspondant
Distribution des résultats
% des personnes avec chaque résultat
Percentile par nombre de réponses
Votre historique - résultats
Vous n’avez pas pris ce quiz